Movies Quiz

Random Movies or Director Quiz

5 Star Movie Decades: Directors Quiz Stats

 Plays Quiz Updated Apr 25, 2018

Challenge
Share
Tweet
Embed
Score 0/55 Timer 10:00
0 Plays Today
% Correct
E.T. the Extra-Terrestrial
91.7%
Jaws
85.2%
Annie Hall
81.7%
Jurassic Park
79.4%
Goodfellas
70.9%
The Departed
70.2%
The Wolf of Wall Street
68.8%
The Birds
67.9%
Raging Bull
65.8%
Apollo 13
65.7%
Taxi Driver
65.3%
Lincoln
64.1%
A Clockwork Orange
64%
Midnight In Paris
63.9%
Eyes Wide Shut
62.3%
Minority Report
58.6%
Full Metal Jacket
57.7%
A Nightmare On Elm Street
57.2%
Rear Window
55.5%
Dr. Strangelove
53.9%
The 39 Steps
53%
Scream
52.2%
Mighty Aphrodite
52.1%
Scream 4
51.9%
The Purple Rose of Cairo
49.7%
Rosemary's Baby
48.6%
Match Point
48.5%
Cinderella Man
48.3%
% Correct
Halloween
47.2%
Chinatown
46.7%
Cocoon
46.6%
The Pianist
44.2%
The Fly
42.3%
Rush
40.3%
Last Tango In Paris
38.1%
A History of Violence
37%
The Hills Have Eyes
33.2%
The Last Emperor
31.9%
Family Plot
31.8%
Big Trouble In Little China
31.3%
Shadow of a Doubt
29.9%
The Killing
28.5%
Naked Lunch
25.8%
Cosmopolis
24.3%
Ghosts of Mars
23.9%
Grand Theft Auto
22.9%
The Dreamers
22.8%
The Ninth Gate
21.7%
Frantic
20.8%
The Brood
20.8%
Stealing Beauty
19%
Red Eye
18.3%
In the Mouth of Madness
14.9%
The Ward
14.3%
Me and You
11.5%

You're not logged in!

Compare scores with friends on all Sporcle quizzes.
OR
Log In

You Might Also Like...

Show Comments

Extras

Top Quizzes Today


Score Distribution

Your Account Isn't Verified!

In order to create a playlist on Sporcle, you need to verify the email address you used during registration. Go to your Sporcle Settings to finish the process.

Report this User

Report this user for behavior that violates our Community Guidelines.

Details: